000
00345nam a2200133Ia 4500
003
GCL
008
140319s9999 xx 000 0 ara d
040
_a
GCL /
_c
GCL
082
0
4
_a
ط
_b
813.02
_b
م م
245
1
0
_a
الحصان السحرى
260
_a
[S.N] :
_b
دار الجيل
300
_a
47
490
_a
مكتبة الطفل العربى
_v
0
999
_c
57274
_d
57274